[Event "MCRE_SF07"]
[Site "?"]
[Date "2006.??.??"]
[Round "?"]
[White "Mezera, Lukas"]
[Black "Berko, Michal"]
[Result "1/2-1/2"]
[WhiteElo "2284"]
[BlackElo "2064"]
[PlyCount "47"]
[EventDate "2006.??.??"]
[EventType "corr"]
[EventRounds "2"]
[SourceDate "2006.08.10"]

1. e4 e5 2. Nf3 Nc6 3. Bb5 Nf6 4. O-O Nxe4 5. d4 Nd6 6. Bxc6 dxc6 7. dxe5 Nf5
8. Qxd8+ Kxd8 9. Nc3 Ke8 10. h3 Ne7 11. Ne4 Ng6 12. Re1 h6 13. Be3 Bf5 14. Bd2
Rd8 15. Rad1 Be7 16. g4 Be6 17. Kg2 h5 18. Kg3 h4+ 19. Kh2 a6 20. b3 b5 21.
Neg5 Rf8 22. Kg1 c5 23. Be3 Bd5 24. Nd2 1/2-1/2

[Event "MCRE_SF07"]
[Site "?"]
[Date "2006.??.??"]
[Round "?"]
[White "Hrubcik, Martin"]
[Black "Priesol, Daniel"]
[Result "1/2-1/2"]
[WhiteElo "2118"]
[BlackElo "2262"]
[PlyCount "57"]
[EventDate "2006.??.??"]
[EventType "corr"]
[EventRounds "2"]
[SourceDate "2006.08.10"]

1. e4 c5 2. Nf3 d6 3. d4 cxd4 4. Nxd4 Nf6 5. Nc3 a6 6. Be2 e5 7. Nb3 Be7 8. O-O
O-O 9. Be3 Be6 10. Qd2 Nbd7 11. a4 Rc8 12. a5 Qc7 13. Rfd1 Bxb3 14. cxb3 Nc5
15. Bxc5 dxc5 16. Bc4 Rfd8 17. Nd5 Nxd5 18. Bxd5 h6 19. Qe2 Rd7 20. Rd3 Rcd8
21. h3 g6 22. Rc3 Qb8 23. Qf3 Bf8 24. h4 Kg7 25. h5 Qd6 26. hxg6 fxg6 27. Qg3
Qe7 28. Rd1 Kh7 29. Qg4 1/2-1/2

[Event "MCRE_SF07"]
[Site "?"]
[Date "2006.??.??"]
[Round "?"]
[White "Koci, Vladimir"]
[Black "Blecha, Miroslav"]
[Result "0-1"]
[WhiteElo "2178"]
[BlackElo "2200"]
[PlyCount "84"]
[EventDate "2006.??.??"]
[EventType "corr"]
[EventRounds "2"]
[SourceDate "2006.08.10"]

1. d4 Nf6 2. Nf3 e6 3. Bf4 b6 4. e3 Bb7 5. Nbd2 Be7 6. h3 O-O 7. Bd3 c5 8. c3
Nc6 9. O-O d6 10. Qe2 Qc7 11. dxc5 bxc5 12. Rac1 e5 13. Bg3 Nd8 14. e4 Nh5 15.
Bh2 Ne6 16. Qe3 Nhf4 17. Bc4 Kh8 18. h4 f5 19. exf5 Rxf5 20. Rfe1 Raf8 21. Bg3
Nxg2 22. Kxg2 Rxf3 23. Nxf3 Rxf3 24. Qxf3 Bxf3+ 25. Kxf3 Qb7+ 26. Ke3 d5 27.
Bf1 Qxb2 28. Kf3 e4+ 29. Kg2 g5 30. Be5+ Kg8 31. Rb1 Qxa2 32. Ra1 Qd2 33. Rad1
Nf4+ 34. Bxf4 Qxf4 35. Rxd5 Qf3+ 36. Kg1 e3 37. Rxe3 Qxd5 38. Rxe7 gxh4 39.
Rxa7 Qg5+ 40. Kh2 Qe5+ 41. Kg1 Qxc3 42. Ra4 Qd2 0-1

[Event "MCRE_SF07"]
[Site "?"]
[Date "2006.??.??"]
[Round "?"]
[White "Blecha, Miroslav"]
[Black "Koukal, Vladimir"]
[Result "1-0"]
[WhiteElo "2200"]
[BlackElo "2230"]
[PlyCount "118"]
[EventDate "2006.??.??"]
[EventType "corr"]
[EventRounds "2"]
[SourceDate "2006.08.10"]

1. e4 e5 2. Nf3 Nc6 3. Bb5 a6 4. Ba4 Nf6 5. O-O Be7 6. Re1 b5 7. Bb3 d6 8. c3
O-O 9. h3 Na5 10. Bc2 c5 11. d4 cxd4 12. cxd4 Bb7 13. Nbd2 Rc8 14. d5 Nc4 15.
Nf1 Qc7 16. Bd3 Nb6 17. Ng3 Na4 18. Nf5 Bd8 19. Qe2 Nc5 20. Bd2 Qd7 21. Bc2 a5
22. a3 a4 23. Rac1 g6 24. Ng3 Ne8 25. Bh6 Ng7 26. Red1 f6 27. Ne1 f5 28. exf5
gxf5 29. Nd3 e4 30. Nf4 Rf7 31. Nfh5 Nxh5 32. Nxh5 Bf6 33. Nxf6+ Rxf6 34. Be3
Rg6 35. f3 Rf8 36. Rd2 exf3 37. Qxf3 Ne4 38. Bxe4 fxe4 39. Qxe4 Qf5 40. Qd3
Qxd3 41. Rxd3 Rf5 42. Rcd1 h5 43. Kh2 h4 44. Bb6 Kf7 45. R1d2 Rh5 46. Rd4 Rgg5
47. Bd8 Rxd5 48. Bxh4 Ke6 49. Bf2 Rhf5 50. Rxd5 Rxd5 51. Bd4 Kf5 52. Rf2+ Ke4
53. Bb6 Rd1 54. h4 Bc8 55. g3 Kd3 56. h5 Rd2 57. Rxd2+ Kxd2 58. h6 Bf5 59. g4
Bd3 1-0

[Event "MCRE_SF07"]
[Site "?"]
[Date "2006.??.??"]
[Round "?"]
[White "Priesol, Daniel"]
[Black "Blecha, Miroslav"]
[Result "1/2-1/2"]
[WhiteElo "2262"]
[BlackElo "2200"]
[PlyCount "63"]
[EventDate "2006.??.??"]
[EventType "corr"]
[EventRounds "2"]
[SourceDate "2006.08.10"]

1. e4 c5 2. Nf3 d6 3. d4 cxd4 4. Nxd4 Nf6 5. Nc3 a6 6. Be3 e5 7. Nb3 Be6 8. Qd2
Be7 9. f3 O-O 10. O-O-O Nbd7 11. g4 b5 12. g5 b4 13. gxf6 bxc3 14. Qxc3 Nxf6
15. Na5 Rc8 16. Nc6 Qe8 17. Nxe7+ Qxe7 18. Qa3 Rc6 19. c3 Qc7 20. Rg1 Rb8 21.
Rg2 Bh3 22. Rgd2 Bxf1 23. Rxf1 Ne8 24. Rd3 Qc8 25. Qa4 f5 26. exf5 Rb5 27. f4
Rc4 28. Qc2 Qxf5 29. Qe2 e4 30. Rd2 d5 31. Bd4 Rc6 32. Be5 1/2-1/2

[Event "MCRE_SF07"]
[Site "?"]
[Date "2006.??.??"]
[Round "?"]
[White "Blecha, Miroslav"]
[Black "Mezera, Lukas"]
[Result "1-0"]
[WhiteElo "2200"]
[BlackElo "2284"]
[PlyCount "79"]
[EventDate "2006.??.??"]
[EventType "corr"]
[EventRounds "2"]
[SourceDate "2006.08.10"]

1. e4 e5 2. Nf3 Nf6 3. Nxe5 d6 4. Nf3 Nxe4 5. Nc3 Nxc3 6. dxc3 Be7 7. Bf4 O-O
8. Qd2 Nd7 9. O-O-O Nc5 10. Bc4 Be6 11. Bxe6 Nxe6 12. Be3 Qd7 13. h4 Qb5 14.
Kb1 Rfe8 15. g4 a5 16. h5 h6 17. Nd4 Nxd4 18. cxd4 a4 19. Rdg1 a3 20. b3 Qa5
21. Qxa5 Rxa5 22. c4 Bg5 23. Bxg5 Rxg5 24. f4 Ra5 25. Re1 Rxe1+ 26. Rxe1 f5 27.
g5 hxg5 28. fxg5 f4 29. d5 Ra8 30. g6 Rf8 31. Kc2 c6 32. dxc6 bxc6 33. b4 f3
34. Kb3 f2 35. Rf1 Rf3+ 36. Ka4 Rf4 37. Ka5 Rxc4 38. Rxf2 Rh4 39. Re2 Kf8 40.
Kb6 1-0

[Event "MCRE_SF07"]
[Site "?"]
[Date "2006.??.??"]
[Round "?"]
[White "Juhasz, Jozef"]
[Black "Mezera, Lukas"]
[Result "1-0"]
[WhiteElo "2162"]
[BlackElo "2274"]
[PlyCount "87"]
[EventDate "2006.??.??"]
[EventType "corr"]
[EventRounds "2"]
[SourceDate "2006.08.10"]

1. e4 c5 2. c3 d5 3. exd5 Qxd5 4. d4 Nf6 5. Nf3 Bg4 6. Nbd2 Nc6 7. dxc5 Qxc5 8.
Qa4 O-O-O 9. Be2 e5 10. O-O Kb8 11. Re1 Bf5 12. Nb3 Qd6 13. Bg5 Be7 14. Bb5 Bd7
15. Nxe5 Nxe5 16. Rxe5 Bxb5 17. Qxb5 Qc7 18. Nd4 Bd6 19. Bxf6 gxf6 20. Rh5 a6
21. Qb3 Rdg8 22. Rd1 Rg5 23. Rh4 Rhg8 24. g3 h5 25. Qc2 Be5 26. Qd3 Bxd4 27.
Rxd4 Rb5 28. b3 Re5 29. Rd7 Qc6 30. Qd6+ Qxd6 31. R1xd6 Re6 32. Rd5 Rg5 33. h4
Rxd5 34. Rxd5 Re2 35. Rxh5 Rxa2 36. Rd5 Re2 37. Rd7 a5 38. Rxf7 b5 39. Rxf6 Kb7
40. h5 a4 41. bxa4 bxa4 42. Rd6 a3 43. Rd1 a2 44. Kg2 1-0

[Event "MCRE_SF07"]
[Site "?"]
[Date "2006.??.??"]
[Round "?"]
[White "Mezera, Lukas"]
[Black "Blecha, Miroslav"]
[Result "1/2-1/2"]
[WhiteElo "2284"]
[BlackElo "2200"]
[PlyCount "67"]
[EventDate "2006.??.??"]
[EventType "corr"]
[EventRounds "2"]
[SourceDate "2006.08.10"]

1. e4 c5 2. Nf3 d6 3. d4 cxd4 4. Nxd4 Nf6 5. Nc3 a6 6. f3 e5 7. Nb3 Be6 8. Be3
Be7 9. Qd2 O-O 10. O-O-O Nbd7 11. g4 b5 12. g5 b4 13. Ne2 Ne8 14. Kb1 a5 15.
Nbc1 a4 16. f4 exf4 17. Bxf4 Nc5 18. Bg2 b3 19. cxb3 axb3 20. a3 Bg4 21. h3 Bh5
22. h4 Ra4 23. Qe3 Nc7 24. Qxc5 dxc5 25. Rxd8 Bxd8 26. Nc3 Rd4 27. Nxb3 Ne6 28.
Be5 Rd7 29. Bf1 Be7 30. Bc4 Nd4 31. Nxd4 cxd4 32. Bb5 Rdd8 33. Nd5 Bd6 34. Bxd6
1/2-1/2

[Event "MCRE_SF07"]
[Site "?"]
[Date "2006.??.??"]
[Round "?"]
[White "Berko, Michal"]
[Black "Blecha, Miroslav"]
[Result "1/2-1/2"]
[WhiteElo "2064"]
[BlackElo "2200"]
[PlyCount "61"]
[EventDate "2006.??.??"]
[EventType "corr"]
[EventRounds "2"]
[SourceDate "2006.08.10"]

1. Nf3 Nf6 2. c4 e6 3. g3 b6 4. d4 Ba6 5. b3 Bb4+ 6. Bd2 Be7 7. Bg2 O-O 8. O-O
d5 9. cxd5 exd5 10. Nc3 Bb7 11. Qc2 Na6 12. Rfd1 Qc8 13. Bf4 Rd8 14. a3 c5 15.
dxc5 bxc5 16. e3 h6 17. h3 Qe6 18. Ne2 Nd7 19. g4 Nf8 20. Bh2 Ng6 21. Nf4 Nxf4
22. Bxf4 Rac8 23. Rac1 Bd6 24. Bxd6 Rxd6 25. Qf5 Rb6 26. Qxe6 fxe6 27. Rc3 Nb8
28. Ne5 Kf8 29. e4 d4 30. Rf3+ Kg8 31. Nc4 1/2-1/2

[Event "MCRE_SF07"]
[Site "?"]
[Date "2006.??.??"]
[Round "?"]
[White "Hrubcik, Martin"]
[Black "Berko, Michal"]
[Result "1/2-1/2"]
[WhiteElo "2118"]
[BlackElo "2064"]
[PlyCount "63"]
[EventDate "2006.??.??"]
[EventType "corr"]
[EventRounds "2"]
[SourceDate "2006.08.10"]

1. e4 c5 2. Nf3 Nc6 3. d4 cxd4 4. Nxd4 Nf6 5. Nc3 e5 6. Ndb5 d6 7. Bg5 a6 8.
Na3 b5 9. Bxf6 gxf6 10. Nd5 f5 11. Bd3 Be6 12. O-O Bg7 13. Qh5 h6 14. c3 Rc8
15. Nc2 Qg5 16. Qe2 O-O 17. Nce3 fxe4 18. Bxe4 f5 19. f4 Qd8 20. Bc2 Kh8 21.
Kh1 b4 22. Rad1 bxc3 23. bxc3 Ne7 24. Nxe7 Qxe7 25. Qxa6 Ra8 26. Qxd6 Qxd6 27.
Rxd6 exf4 28. Rxe6 fxe3 29. Rxe3 Rxa2 30. Bb1 Ra3 31. g3 Rxc3 32. Re7 1/2-1/2

[Event "MCRE_SF07"]
[Site "?"]
[Date "2006.??.??"]
[Round "?"]
[White "Berko, Michal"]
[Black "Hrubcik, Martin"]
[Result "1/2-1/2"]
[WhiteElo "2064"]
[BlackElo "2118"]
[PlyCount "65"]
[EventDate "2006.??.??"]
[EventType "corr"]
[EventRounds "2"]
[SourceDate "2006.08.10"]

1. Nf3 Nf6 2. c4 c6 3. d4 d5 4. Nc3 e6 5. e3 Nbd7 6. Qc2 Bd6 7. Be2 O-O 8. O-O
dxc4 9. Bxc4 b5 10. Be2 Bb7 11. Rd1 Qb8 12. e4 e5 13. dxe5 Nxe5 14. Nd4 Ned7
15. g3 Be5 16. Nf5 b4 17. f4 bxc3 18. fxe5 Nxe5 19. Bf4 Re8 20. Nd6 Re6 21.
Qxc3 Ng6 22. e5 Nd5 23. Qb3 Bc8 24. Bc4 Nxe5 25. Bxd5 cxd5 26. Qxd5 Qb6+ 27.
Kh1 Nc6 28. b4 Rxd6 29. Bxd6 Bb7 30. Qc5 Nxb4+ 31. Kg1 Qa6 32. Rf1 Qd3 33. Rae1
1/2-1/2

[Event "MCRE_SF07"]
[Site "?"]
[Date "2006.??.??"]
[Round "?"]
[White "Koci, Vladimir"]
[Black "Hrubcik, Martin"]
[Result "0-1"]
[WhiteElo "2178"]
[BlackElo "2118"]
[PlyCount "62"]
[EventDate "2006.??.??"]
[EventType "corr"]
[EventRounds "2"]
[SourceDate "2006.08.10"]

1. d4 c6 2. Nf3 d5 3. Nbd2 Bf5 4. e3 e6 5. Be2 Nd7 6. O-O Ngf6 7. c4 Ne4 8.
Nxe4 Bxe4 9. Nd2 Bg6 10. f4 Qc7 11. c5 Be7 12. b4 b6 13. Bb2 a5 14. a3 O-O 15.
g4 h6 16. f5 Bh7 17. e4 axb4 18. axb4 Rxa1 19. Qxa1 bxc5 20. exd5 exd5 21. dxc5
Re8 22. Qa6 Qb8 23. Qxc6 Bxc5+ 24. bxc5 Rxe2 25. Rf2 Rxf2 26. Kxf2 Qxh2+ 27.
Ke3 Nf8 28. Qd6 Qg1+ 29. Kf3 Qd1+ 30. Ke3 Qe1+ 31. Kd3 Qg1 0-1

[Event "MCRE_SF07"]
[Site "?"]
[Date "2006.??.??"]
[Round "?"]
[White "Koukal, Vladimir"]
[Black "Berko, Michal"]
[Result "0-1"]
[WhiteElo "2230"]
[BlackElo "2064"]
[PlyCount "85"]
[EventDate "2006.??.??"]
[EventType "corr"]
[EventRounds "2"]
[SourceDate "2006.08.10"]

1. e4 c5 2. Nf3 Nc6 3. Bb5 e6 4. O-O Nge7 5. c3 a6 6. Be2 d5 7. d3 Ng6 8. exd5
exd5 9. d4 cxd4 10. cxd4 Bb4 11. Nc3 O-O 12. Be3 Be6 13. Bd3 Nh4 14. Ng5 Bf5
15. g3 h6 16. gxh4 Bxd3 17. Qxd3 hxg5 18. Bxg5 Qd6 19. h5 Rfe8 20. Kh1 Re6 21.
Rg1 Rae8 22. Be3 Bxc3 23. bxc3 Kh8 24. Rg3 Rg8 25. Rag1 Ne7 26. Rg4 Rf6 27. Qd2
Rf3 28. Qe2 Rf5 29. Bg5 Nc6 30. Qc2 Qe6 31. Bh6 g6 32. Bg5 Rf3 33. Rh4 Kg7 34.
hxg6 fxg6 35. Bf4 Kf8 36. Qd2 Kf7 37. Bg3 b5 38. Re1 Qf6 39. c4 bxc4 40. Qb2
Rd8 41. Qb7+ Kg8 42. Qh7+ Kf8 43. Bf4 0-1

[Event "MCRE_SF07"]
[Site "?"]
[Date "2006.??.??"]
[Round "?"]
[White "Berko, Michal"]
[Black "Koci, Vladimir"]
[Result "1/2-1/2"]
[WhiteElo "2064"]
[BlackElo "2178"]
[PlyCount "75"]
[EventDate "2006.??.??"]
[EventType "corr"]
[EventRounds "2"]
[SourceDate "2006.08.10"]

1. Nf3 Nf6 2. c4 c5 3. Nc3 d5 4. cxd5 Nxd5 5. g3 Nc6 6. Bg2 Nxc3 7. bxc3 e5 8.
Rb1 Be7 9. Qa4 O-O 10. O-O Rb8 11. Rd1 Qc7 12. d3 Bd7 13. Qe4 Be6 14. Ng5 Bxg5
15. Bxg5 Qa5 16. Bd2 f5 17. Qe3 c4 18. f4 Bd5 19. Bxd5+ Qxd5 20. fxe5 Nxe5 21.
Qe4 Qa5 22. Bf4 Rfe8 23. Bxe5 Qxe5 24. Qxc4+ Kh8 25. Rf1 Qxe2 26. Rxf5 Rbc8 27.
Qf7 Qe3+ 28. Kg2 b6 29. Rbf1 h6 30. Qxa7 Ra8 31. Qd7 Red8 32. Qc6 Rxa2+ 33. Kh3
Qxd3 34. Qxb6 Kh7 35. R1f3 Qd7 36. Qb1 Re2 37. g4 Qd1 38. Qxd1 1/2-1/2

[Event "MCRE_SF07"]
[Site "?"]
[Date "2006.??.??"]
[Round "?"]
[White "Mezera, Lukas"]
[Black "Koci, Vladimir"]
[Result "0-1"]
[WhiteElo "2284"]
[BlackElo "2178"]
[PlyCount "59"]
[EventDate "2006.??.??"]
[EventType "corr"]
[EventRounds "2"]
[SourceDate "2006.08.10"]

1. e4 c5 2. d4 cxd4 3. c3 Nc6 4. Nf3 dxc3 5. Nxc3 d6 6. Bc4 Nf6 7. e5 Ng4 8. e6
Bxe6 9. Bxe6 fxe6 10. Ng5 Nf6 11. O-O Qd7 12. Re1 e5 13. Qb3 d5 14. f4 e6 15.
fxe5 Ng4 16. Na4 Bb4 17. Rf1 b5 18. Qh3 Ncxe5 19. Nc3 Bc5+ 20. Kh1 h5 21. Bf4
Nc4 22. Rad1 Nce3 23. Bxe3 Bxe3 24. Nf7 O-O 25. Qxh5 Rxf7 26. Qxg4 Raf8 27.
Rxf7 Qxf7 28. h3 a6 29. Re1 d4 30. Ne4 0-1

[Event "MCRE_SF07"]
[Site "?"]
[Date "2006.??.??"]
[Round "?"]
[White "Priesol, Daniel"]
[Black "Berko, Michal"]
[Result "0-1"]
[WhiteElo "2262"]
[BlackElo "2064"]
[PlyCount "70"]
[EventDate "2006.??.??"]
[EventType "corr"]
[EventRounds "2"]
[SourceDate "2006.08.10"]

1. e4 e5 2. Nf3 Nf6 3. Nxe5 d6 4. Nf3 Nxe4 5. d4 d5 6. Bd3 Be7 7. O-O Nc6 8.
Re1 Bg4 9. c3 f5 10. Qb3 O-O 11. Nbd2 Na5 12. Qa4 Nc6 13. Bb5 Bh4 14. g3 Bf6
15. Bxc6 bxc6 16. Qxc6 Rb8 17. Qe6+ Rf7 18. Nxe4 dxe4 19. Nd2 Rb6 20. Qc4 Qd7
21. Nb3 Be7 22. Qf1 Qd5 23. Bf4 Bf6 24. Rab1 g5 25. Bd2 f4 26. c4 Qf5 27. Bc3
Re7 28. Nd2 e3 29. fxe3 fxe3 30. Qxf5 Bxf5 31. Nb3 Bxb1 32. Rxb1 Rc6 33. Nc5
Rd6 34. Nb3 Re8 35. Re1 c5 0-1

[Event "MCRE_SF07"]
[Site "?"]
[Date "2006.??.??"]
[Round "?"]
[White "Mezera, Lukas"]
[Black "Hrubcik, Martin"]
[Result "1-0"]
[WhiteElo "2284"]
[BlackElo "2118"]
[PlyCount "56"]
[EventDate "2006.??.??"]
[EventType "corr"]
[EventRounds "2"]
[SourceDate "2006.08.10"]

1. e4 c6 2. d4 d5 3. exd5 cxd5 4. c3 Nc6 5. Nf3 Qc7 6. Na3 Bg4 7. h3 Bh5 8. Bd3
e6 9. Nb5 Qb8 10. O-O a6 11. Na3 Bxa3 12. bxa3 Nge7 13. Re1 Qc7 14. Rb1 Rc8 15.
a4 Bg6 16. Ba3 Bxd3 17. Qxd3 h6 18. Ne5 Nxe5 19. dxe5 O-O 20. Bd6 Qd7 21. Rb3
Rfd8 22. Reb1 Nf5 23. Ba3 h5 24. Rxb7 Qxa4 25. Bc1 Qc4 26. Qxc4 Rxc4 27. Bd2
Ra4 28. R1b2 f6 1-0

[Event "MCRE_SF07"]
[Site "?"]
[Date "2006.??.??"]
[Round "?"]
[White "Berko, Michal"]
[Black "Priesol, Daniel"]
[Result "1/2-1/2"]
[WhiteElo "2064"]
[BlackElo "2262"]
[PlyCount "92"]
[EventDate "2006.??.??"]
[EventType "corr"]
[EventRounds "2"]
[SourceDate "2006.08.10"]

1. Nf3 Nf6 2. c4 e6 3. g3 d5 4. d4 dxc4 5. Bg2 Nc6 6. O-O Rb8 7. Nc3 b5 8. Bg5
Be7 9. Qc1 O-O 10. Rd1 Nd5 11. Bxe7 Qxe7 12. e3 a6 13. b3 Na5 14. Nd2 Nxc3 15.
Qxc3 b4 16. Qc2 c3 17. Ne4 Nb7 18. f4 h6 19. a3 a5 20. axb4 axb4 21. Ra7 Rd8
22. h3 f5 23. Nf2 c5 24. Qe2 cxd4 25. exd4 Rd7 26. Qe5 Qd6 27. Rda1 Qxe5 28.
fxe5 Rxd4 29. Ra8 Rxa8 30. Rxa8 Kf7 31. Rxc8 Na5 32. Bf1 Nxb3 33. Bc4 Nd2 34.
Rc7+ Kg6 35. Bxe6 Nf3+ 36. Kf1 Nxe5 37. Bb3 Rd2 38. Nd1 Nf3 39. Nxc3 bxc3 40.
Rxc3 Ng5 41. g4 Ne4 42. gxf5+ Kxf5 43. Bc2 Ke5 44. Bxe4 Kxe4 45. Kg1 Kf4 46.
Rc4+ Kg3 1/2-1/2

[Event "MCRE_SF07"]
[Site "?"]
[Date "2006.??.??"]
[Round "?"]
[White "Koci, Vladimir"]
[Black "Berko, Michal"]
[Result "1/2-1/2"]
[WhiteElo "2178"]
[BlackElo "2064"]
[PlyCount "77"]
[EventDate "2006.??.??"]
[EventType "corr"]
[EventRounds "2"]
[SourceDate "2006.08.10"]

1. d4 d5 2. Nf3 Nf6 3. Bf4 c5 4. e3 Nc6 5. c3 Nh5 6. Bg5 h6 7. Bh4 g5 8. Ne5
Nxe5 9. Qxh5 Qb6 10. Qe2 gxh4 11. dxe5 Rg8 12. Na3 Be6 13. Qb5+ Qxb5 14. Bxb5+
Kd8 15. Rg1 a6 16. Be2 Kc7 17. c4 Bg7 18. O-O-O dxc4 19. Bxc4 Bxc4 20. Nxc4 b5
21. Nd2 Bxe5 22. Nf3 Bf6 23. Rd5 c4 24. Rh5 h3 25. Rxh3 Rg6 26. g4 Rag8 27.
Rgg3 c3 28. b3 b4 29. Rh5 Rxg4 30. Rxh6 Kd6 31. Nd4 R4g6 32. Rhxg6 Rxg6 33.
Rxg6 fxg6 34. Nc2 a5 35. f3 e5 36. e4 Bg5+ 37. Kd1 Kc5 38. Ke2 Bf4 39. h3
1/2-1/2

[Event "MCRE_SF07"]
[Site "?"]
[Date "2006.??.??"]
[Round "?"]
[White "Koci, Vladimir"]
[Black "Priesol, Daniel"]
[Result "1/2-1/2"]
[WhiteElo "2178"]
[BlackElo "2262"]
[PlyCount "84"]
[EventDate "2006.??.??"]
[EventType "corr"]
[EventRounds "2"]
[SourceDate "2006.08.10"]

1. d4 Nf6 2. Nf3 g6 3. Bf4 Bg7 4. e3 d6 5. Nbd2 O-O 6. c3 Nbd7 7. Be2 Re8 8.
Qc2 e5 9. dxe5 dxe5 10. Bg5 h6 11. Bh4 Qe7 12. O-O e4 13. Nd4 a6 14. Rad1 c5
15. N4b3 b5 16. f3 g5 17. Bf2 exf3 18. Bxf3 Rb8 19. c4 Ne5 20. cxb5 Nxf3+ 21.
gxf3 Rxb5 22. Nc4 Bh3 23. Rfe1 Rd8 24. Rxd8+ Qxd8 25. Rd1 Qa8 26. e4 Nd7 27.
Nc1 Be6 28. b3 Bxc4 29. Qxc4 Ne5 30. Qe2 c4 31. Kg2 c3 32. Bg3 Rc5 33. b4 Rc8
34. Rd5 Rd8 35. Bxe5 Bxe5 36. Qc4 Rxd5 37. exd5 Qa7 38. d6 Bxd6 39. Qc8+ Kg7
40. Qxc3+ f6 41. a3 Qe7 42. Qd4 Be5 1/2-1/2

[Event "MCRE_SF07"]
[Site "?"]
[Date "2006.??.??"]
[Round "?"]
[White "Hrubcik, Martin"]
[Black "Mezera, Lukas"]
[Result "0-1"]
[WhiteElo "2118"]
[BlackElo "2284"]
[PlyCount "55"]
[EventDate "2006.??.??"]
[EventType "corr"]
[EventRounds "2"]
[SourceDate "2006.08.10"]

1. e4 e5 2. f4 exf4 3. Nf3 g5 4. Nc3 d6 5. d4 Bg7 6. g3 h6 7. Bc4 Nc6 8. gxf4
g4 9. Rg1 gxf3 10. Rxg7 Qh4+ 11. Kf1 Nf6 12. Qxf3 Bh3+ 13. Kg1 Nh5 14. Rg3 Nxd4
15. Qd3 Nxg3 16. hxg3 Qg4 17. Kf2 Nc6 18. Nd5 O-O-O 19. Bb5 Qg7 20. Bd2 Qd4+
21. Kf3 Qxd3+ 22. Bxd3 h5 23. Bc3 Rh6 24. b4 Bg4+ 25. Kf2 Re8 26. Rh1 a6 27. a4
Na7 28. Ne3 0-1

[Event "MCRE_SF07"]
[Site "?"]
[Date "2006.??.??"]
[Round "?"]
[White "Blecha, Miroslav"]
[Black "Koci, Vladimir"]
[Result "1-0"]
[WhiteElo "2200"]
[BlackElo "2178"]
[PlyCount "105"]
[EventDate "2006.??.??"]
[EventType "corr"]
[EventRounds "2"]
[SourceDate "2006.08.10"]

1. e4 c5 2. Nf3 d6 3. d4 cxd4 4. Nxd4 Nf6 5. Nc3 g6 6. Be3 Bg7 7. f3 O-O 8. Qd2
Nc6 9. Bc4 Nd7 10. h4 Nb6 11. Bb3 Na5 12. h5 Nbc4 13. Qe2 Nxb3 14. axb3 Nxe3
15. Qxe3 Bd7 16. O-O-O a5 17. hxg6 fxg6 18. f4 e5 19. fxe5 Bxe5 20. Nd5 a4 21.
b4 Bg7 22. Kb1 Rc8 23. Qg3 Be5 24. Qd3 Rf2 25. Rdf1 Rxf1+ 26. Rxf1 Qe8 27. Nb6
Rc7 28. Nf3 Bc6 29. Qc4+ Rf7 30. Ng5 d5 31. Nxd5 Rxf1+ 32. Qxf1 h6 33. Qc4 Kh8
34. Nf3 Bg7 35. Qd3 Kg8 36. c3 g5 37. Nd4 h5 38. Nxc6 bxc6 39. Nb6 Qe6 40. Nxa4
Qg4 41. Qc2 h4 42. Nc5 Be5 43. Ka2 Bd6 44. Nb3 Qe6 45. Qe2 Be5 46. Ka3 Kg7 47.
Nc5 Qc8 48. Qh5 Bf6 49. Kb3 Be7 50. Kc2 Bf6 51. Qd1 h3 52. gxh3 Qxh3 53. Qd7+
1-0

[Event "MCRE_SF07"]
[Site "?"]
[Date "2006.??.??"]
[Round "?"]
[White "Koukal, Vladimir"]
[Black "Koci, Vladimir"]
[Result "1/2-1/2"]
[WhiteElo "2230"]
[BlackElo "2178"]
[PlyCount "119"]
[EventDate "2006.??.??"]
[EventType "corr"]
[EventRounds "2"]
[SourceDate "2006.08.10"]

1. e4 c5 2. Nf3 d6 3. d4 cxd4 4. Nxd4 Nf6 5. Nc3 g6 6. f3 Bg7 7. Be3 O-O 8. Qd2
Nc6 9. O-O-O Nxd4 10. Bxd4 Be6 11. Kb1 Rc8 12. g4 Qa5 13. Nd5 Qxd2 14. Nxe7+
Kh8 15. Rxd2 Rc7 16. Bxf6 Bxf6 17. Nd5 Bxd5 18. Rxd5 Be5 19. c4 Kg7 20. h3 g5
21. h4 h6 22. b3 f6 23. a3 Rc5 24. Rd1 Bg3 25. h5 Be5 26. Bd3 Kf7 27. Kc2 Ke7
28. Rb1 Rfc8 29. Kd2 R5c6 30. Rhd1 Rc5 31. a4 R5c6 32. Ke3 Rc5 33. b4 R5c6 34.
Be2 Bf4+ 35. Kf2 Be5 36. a5 R6c7 37. Rd5 Bf4 38. Bd3 Be5 39. Ke3 Bf4+ 40. Ke2
Be5 41. Kd2 Bf4+ 42. Kc3 Be5+ 43. Kb3 Bf4 44. Rb5 Be5 45. Ka4 Bd4 46. Rd5 Be3
47. Be2 Bf2 48. Rf5 Bg3 49. Rb5 Bf4 50. Ra1 Be5 51. Rd1 Bf4 52. Ka3 Be5 53. Kb3
Bf4 54. Ra1 Be5 55. Ra3 Bd4 56. Rd5 Be5 57. Ra2 Bf4 58. Ra1 Be5 59. Rad1 Bf4
60. Ka4 1/2-1/2

[Event "MCRE_SF07"]
[Site "?"]
[Date "2006.??.??"]
[Round "?"]
[White "Hrubcik, Martin"]
[Black "Koci, Vladimir"]
[Result "1/2-1/2"]
[WhiteElo "2118"]
[BlackElo "2178"]
[PlyCount "115"]
[EventDate "2006.??.??"]
[EventType "corr"]
[EventRounds "2"]
[SourceDate "2006.08.10"]

1. e4 c5 2. Nf3 d6 3. d4 cxd4 4. Nxd4 Nf6 5. Nc3 g6 6. Be3 Bg7 7. f3 O-O 8. Qd2
Nc6 9. O-O-O Nxd4 10. Bxd4 Be6 11. Kb1 Rc8 12. h4 Qa5 13. Nd5 Qxd2 14. Nxe7+
Kh8 15. Rxd2 Rc7 16. Bxf6 Bxf6 17. Nd5 Bxd5 18. Rxd5 Be5 19. Rd1 h6 20. Be2 Kg7
21. g4 f6 22. h5 g5 23. c3 Rfc8 24. Rd2 Kf7 25. Bd1 Ke7 26. Bb3 Rc5 27. Bd5
R5c7 28. c4 Bf4 29. Rdd1 Rb8 30. a4 Rbc8 31. Rd3 Be5 32. Rhd1 Bf4 33. Ra3 Be5
34. a5 Bf4 35. Kc2 Be5 36. b4 Bf4 37. Kd3 Be5 38. a6 b6 39. Rb3 Bf4 40. Rdb1
Be5 41. Bb7 Rb8 42. Rc1 Bf4 43. Rc2 Be5 44. Bd5 Bf4 45. c5 dxc5 46. bxc5 Rxc5
47. Rxc5 bxc5 48. Rb7+ Rxb7 49. axb7 Bb8 50. Bg8 Kd6 51. Bc4 Bc7 52. Bb5 Bb8
53. Kc4 Bc7 54. e5+ Kxe5 55. Kxc5 Kf4 56. Kc6 Be5 57. Kd5 Kxf3 58. Bd7 1/2-1/2

[Event "MCRE_SF07"]
[Site "?"]
[Date "2006.??.??"]
[Round "?"]
[White "Koci, Vladimir"]
[Black "Mezera, Lukas"]
[Result "0-1"]
[WhiteElo "2178"]
[BlackElo "2284"]
[PlyCount "134"]
[EventDate "2006.??.??"]
[EventType "corr"]
[EventRounds "2"]
[SourceDate "2006.08.10"]

1. d4 Nf6 2. Nf3 g6 3. Bf4 Bg7 4. e3 O-O 5. Nbd2 d6 6. Bd3 Nbd7 7. O-O c5 8. c4
Nh5 9. Bg5 h6 10. Bh4 Ndf6 11. d5 Bd7 12. Qc2 g5 13. Bg3 Nxg3 14. fxg3 e6 15.
e4 Ng4 16. Rae1 Qa5 17. Qb3 Qa4 18. Qxa4 Bxa4 19. b3 Bd7 20. h3 Ne5 21. Nxe5
Bxe5 22. g4 Rae8 23. Nf3 Bg3 24. Re3 Bf4 25. Re2 Kg7 26. Kf2 f6 27. Rb1 exd5
28. cxd5 b5 29. a4 Rb8 30. axb5 Bxb5 31. Bxb5 Rxb5 32. Ra2 a5 33. g3 Be5 34.
Nd2 Rfb8 35. Ra3 Rb4 36. Rxa5 c4 37. Ra4 Rxa4 38. bxa4 Bb2 39. Re1 Rb4 40. Nf3
Rxa4 41. Re2 Ba3 42. Rc2 Bc5+ 43. Kf1 Ra3 44. Kg2 c3 45. Ne1 Rb3 46. Nd3 Be3
47. h4 Bd2 48. h5 Kf8 49. Kf3 Ra3 50. Ke2 Ra1 51. Kf2 Ke7 52. Nb4 Ra4 53. Na2
Rc4 54. Kf3 Kd7 55. Nc1 Bxc1 56. Rxc1 c2 57. Ke3 Rc3+ 58. Kd4 Rxg3 59. Rxc2
Rxg4 60. Ra2 f5 61. Ra7+ Ke8 62. Rh7 Rxe4+ 63. Kd3 g4 64. Rh8+ Kf7 65. Rh7+ Kf6
66. Rxh6+ Kg5 67. Rh8 Kf4 0-1